BIBLIOTHÈQUE DE LA MAISON DU MEXIQUE

Logo 1 Logo 2

Duros pensamientos zarpan al anochecer en barcos de hierro (notice nᵒ 10837)

détails MARC
000 -Sello discográfico
campo de control de longitud fija 00834nam a2200277 4500
005 - Identificación de versión
campo de control 20251017062717.0
035 ## - Otros números de control del sistema
Número de control del sistema 5056
099 ## - fechas locales
Tipo de ítem Koha LIBRO
100 ## - Datos de procesamiento general
Datos de procesamiento general 20120308d2002 m y1spay5003 ba
105 ## - Campo de datos codificados: Material textual, monográfico
Datos codificados de monografía y 001gy
200 1# - Título y mención de responsabilidad
Título propio Duros pensamientos zarpan al anochecer en barcos de hierro
Designación general del material texto impreso
Primer mención de responsabilidad Jeremías Marquines
205 ## - Declaración de edición
Declaración de edición 1a ed
210 ## - Publicación, distribución, etc.
Lugar de publicación, distribución, etc. México
Nombre del editor, distribuidor, etc. Universidad Juárez Autónoma de Tabasco
Fecha de publicación, distribución, etc. 2002
215 ## - Descripción física
Designación de material específico y extensión del ítem 83 p
Dimensiones 22 cm
345 ## - Nota de información de adquisición
Fuente de adquisición/dirección de la suscripción [OBSOLETO] Donación
410 #1 - Series
Título Colección Carlos Pellicer
606 ## - Término temático usado como materia
Elemento de entrada Poesía mexicana
Subdivisión cronológica Siglo XX
Número Koha 10
700 ## - Nombre personal - Responsabilidad primaria
Elemento de entrada Marquines
Parte del nombre distinta del elemento de entrada Jeremías
Fechas 1968-
Número Koha 17362
801 #0 - Fuente de origen
País FR
Agencia cm
Reglas de catalogación (convenciones descriptivas) AFNOR
900 ## -
-- 1/659
900 ## -
-- 7100012441\030700
942 ## - ELEMENTOS DE ENTRADA SECUNDARIOS (KOHA)
Tipo de ítem Koha Livre
996 ## -
-- MEX
-- 751145101
-- MMAG
-- 002380
-- 861.4 M357D
-- 20120308LIV
Exemplaires
Estatus retirado Estado de daño Estado de pérdida Fecha de adquisición Biblioteca de origen Biblioteca actual Ubicación en estantería Código de barras Precio de reemplazo Signatura topográfica completa No para préstamo Tipo de ítem Koha Nota pública Nota no pública
      05/08/2025 Casa México Paris Casa México Paris   002380 05/08/2025 861.4 M357D   Livre 20120308LIV 751145101